000 00580 a2200193 4500
005 20250212110758.0
020 _a9780743456081
050 0 0 _aPS 3535
_bHOO 2004
100 1 _aHooks, Bell
_d1929-2012.
_eauthor
245 1 4 _aThe will to change;
_bMen,Masculinity and Love /
_cBell , Hooks
264 _aNew York :
_bWashington Square Press ,
_c2004
300 _a188 pages
_billustrations
336 _2rdacontent
_atext
_btxt
337 _2rdamedia
_aunmediated
_bn
338 _2rdacarrier
_avolume
_bnc
650 _aLove
650 _amasculinity
942 _2lcc
_cBK
_h3535
_iHOO
_kPS
999 _c11481
_d11481